Central Library OPAC University of Rajshahi

Bevis : (Record no. 83691)

MARC details
000 -LEADER
fixed length control field 00837nam a2200265 a 4500
001 - CONTROL NUMBER
control field 83691
003 - CONTROL NUMBER IDENTIFIER
rucl marc code BD-RjUL
005 - DATE AND TIME OF LATEST TRANSACTION
control field 20240508151727.0
008 - FIXED-LENGTH DATA ELEMENTS--GENERAL INFORMATION
fixed length control field 940829s1930 enk j 00001 eng d
035 ## - SYSTEM CONTROL NUMBER
System control number (BD-RjUL)83691
040 ## - CATALOGING SOURCE
Original cataloging agency ANL
Transcribing agency ANL
Language of cataloging eng
Modifying agency BD-RjUL
041 ## - LANGUAGE CODE
Language code of text/sound track or separate title eng
082 0# - DEWEY DECIMAL CLASSIFICATION NUMBER
Edition number 23
Classification number 823.912
Author mark and year JEB 1950
100 1# - MAIN ENTRY--PERSONAL NAME
Personal name Jefferies, Richard,
Dates associated with a name 1848-1887.
9 (RLIN) 12909
245 10 - TITLE STATEMENT
Title Bevis :
Remainder of title the story of a boy /
Statement of responsibility, etc. by Richard Jefferies.
260 ## - PUBLICATION, DISTRIBUTION, ETC. (IMPRINT)
Place of publication, distribution, etc. London :
Name of publisher, distributor, etc. J.M. Dent,
Date of publication, distribution, etc. 1930, [reprinted 1952]
300 ## - PHYSICAL DESCRIPTION
Pagination 430 p. ;
Size 18 cm.
490 1# - SERIES STATEMENT
Series statement Everyman's library ;
Volume/sequential designation 850
650 #0 - SUBJECT ADDED ENTRY--TOPICAL TERM
Topical term or geographic name as entry element Boys
Geographic subdivision England
General subdivision Conduct of life
-- Juvenile fiction.
9 (RLIN) 12910
Topical term or geographic name as entry element Adventure stories.
9 (RLIN) 10817
Topical term or geographic name as entry element Sailing
General subdivision Juvenile fiction.
9 (RLIN) 12911
Topical term or geographic name as entry element Adventure stories.
9 (RLIN) 10817
830 #0 - SERIES ADDED ENTRY--UNIFORM TITLE
Uniform title Everyman's library ;
Volume number/sequential designation 850.
942 ## - ADDED ENTRY ELEMENTS (KOHA)
Source of classification or shelving scheme Dewey Decimal Classification
Koha item type Books
Holdings
Lost status Source of classification or shelving scheme Damaged status Not for loan Collection code Permanent Location Current Location Shelving location Date acquired Source of acquisition Cost, normal purchase price Total Checkouts Full call number Date last seen Copy number Koha item type
  Dewey Decimal Classification   Not For Loan Fiction Central Library, University of Rajshahi Central Library, University of Rajshahi Reading Room 27/09/1955 B.H. Blackwell ltd. 0.55   823.912 JEB 1950 08/05/2024 C-1 Books